|
|
|
|
| LEADER |
00000cam a2200000 4500 |
| 001 |
vtls011741773 |
| 003 |
SK-MaSNL |
| 005 |
20260301182817.0 |
| 008 |
200316s2017 xo a er 000 0 slo |
| 015 |
|
|
|a SNBA2018/04
|
| 020 |
|
|
|a 9788097226077
|q (brožované)
|
| 035 |
|
|
|a urn:nbn:sk:snk-am00dgic
|
| 035 |
|
|
|a urn:nbn:sk:snk-am3i1id
|
| 035 |
|
|
|a 44F6622C-4650-4B99-9FCC-2115A5297573
|
| 040 |
|
|
|a SNK
|b slo
|c SNK
|e rda
|
| 041 |
0 |
|
|a slo
|
| 044 |
|
|
|a xo
|c SK
|
| 072 |
|
7 |
|a 13
|x Filozofia ducha
|2 konspekt
|
| 080 |
|
|
|a 17.02
|2 2011
|
| 080 |
|
|
|a 2-58
|2 2011
|
| 080 |
|
|
|a 13
|2 2011
|
| 080 |
|
|
|a 165.322
|2 2011
|
| 080 |
|
|
|a 130.1/.3
|2 2011
|
| 080 |
|
|
|a 133
|2 2011
|
| 080 |
|
|
|a (0.062)
|2 2011
|
| 100 |
1 |
|
|a Makedonová, Natália,
|d 1950-1998
|4 aut
|9 178126
|
| 245 |
1 |
0 |
|a Večné zákony
|n 1
|p Nové pokolenie
|c Natália de Lemeny-Makedonová
|
| 246 |
3 |
0 |
|a Nové pokolenie
|
| 250 |
|
|
|a 1. vydanie
|
| 264 |
|
1 |
|a [Bratislava]
|b Symetrial SK
|c 2017
|
| 300 |
|
|
|a 299 strán
|b ilustrácie
|c 21 cm
|
| 336 |
|
|
|a text
|b txt
|2 rdacontent
|
| 337 |
|
|
|a bez média
|b n
|2 rdamedia
|
| 338 |
|
|
|a zväzok
|b nc
|2 rdacarrier
|
| 500 |
|
|
|a Miesto vydania podľa NA ISBN
|
| 650 |
0 |
7 |
|a zmysel života
|2 SNKPH
|9 4977
|
| 650 |
0 |
7 |
|a Sense of life
|2 SNKPHeng
|9 270861
|
| 650 |
0 |
7 |
|a spiritualita
|2 SNKPH
|9 18684
|
| 650 |
0 |
7 |
|a Spirituality
|2 SNKPHeng
|9 293344
|
| 650 |
0 |
7 |
|a životná múdrosť
|2 SNKPH
|9 4008
|
| 650 |
0 |
7 |
|a Life wisdom
|2 SNKPHeng
|9 305004
|
| 650 |
0 |
7 |
|a filozofia ducha
|2 SNKPH
|9 21767
|
| 650 |
0 |
7 |
|a Philosophy of mind
|2 SNKPHeng
|9 347417
|
| 650 |
0 |
7 |
|a duchovné poznanie
|2 SNKPH
|9 3767
|
| 650 |
0 |
7 |
|a Spiritual knowledge
|2 SNKPHeng
|9 281702
|
| 650 |
0 |
7 |
|a duchovné skúsenosti
|2 SNKPH
|9 222760
|
| 650 |
0 |
7 |
|a Spiritual experiences
|2 SNKPHeng
|9 134887
|
| 650 |
0 |
7 |
|a ezoterizmus
|2 SNKPH
|9 2084
|
| 650 |
0 |
7 |
|a Esotericism
|2 SNKPHeng
|9 329846
|
| 655 |
|
7 |
|a populárno-náučné publikácie
|2 SNKPH
|9 70460
|
| 655 |
|
7 |
|a Popular works
|2 SNKPHeng
|9 90287
|
| 919 |
|
|
|a 978-80-972260-7-7
|
| 958 |
|
|
|a NT
|
| 999 |
|
|
|c 854939
|d 856869
|
| 952 |
|
|
|a SNK
|b SNK
|y PREZ
|7 0
|p 17A1320663
|o snkSC 178218/1
|i snk2018/4180
|8 0
|0 0
|1 0
|4 0
|d 2018-02-15
|f 1
|l 0
|r 2025-09-19 00:00:00
|w 2026-02-24
|
| 952 |
|
|
|a SNK
|b SNK
|y VYP
|7 0
|p 17A1320664
|o snkSC 178218/1 D1
|i snk2018/4181
|8 0
|0 0
|1 0
|4 0
|d 2018-02-15
|l 0
|r 2026-02-24 04:53:45
|w 2026-02-24
|